| 000 | 02131nam0a22003131 4500 | ||
|---|---|---|---|
| 001 | v19\rc\1910016 | ||
| 005 | 20260407064902.0 | ||
| 035 | _a(NLR Aleph) 005023851 | ||
| 090 |
_a6618026 _c6618026 |
||
| 100 | _a20080404d1911 u y0rusy50 ca | ||
| 101 | 0 | _arus | |
| 102 | _aRU | ||
| 105 | _ay z |||c| | ||
| 200 | 1 | _aСлова и речи преосвященного Серафима (Чичагова), ныне епископа Кишиневского и Хотинского, произнесенные им в бытность его священником и архимандритом, с приложением составленных им: Летописного очерка Зосимовой пустыни и Жития преподобного Евфимия, Суздальского чудотворца | |
| 210 |
_aКишинев _cЕпарх. тип. _d1911 |
||
| 215 |
_a232 с. _d24 |
||
| 532 | 1 | 3 | _aСлова и речи преосвященного Серафима Чичагова, ныне епископа Кишиневского и Хотинского, произнесенные им в бытность его священником и архимандритом, с приложением составленных им: Летописного очерка Зосимовой пустыни и Жития преподобного Евфимия, Суздальского чудотворца |
| 700 | 0 |
_4070 _8rus _7ca _aСерафим _cЧичагов, Леонид Михайлович _cмитрополит Ленинградский и Новгородский _f1856-1937 _3RU\NLR\AUTH\7715497 _9125146 |
|
| 702 | 0 |
_aЕвфимий Суздальский _cсв. _f1316-1404 _4570 |
|
| 712 | 0 | 2 |
_aСмоленская Зосимова мужская пустынь _cВладимир. губ. |
| 790 | 1 |
_6z01700 _aЧичагов _bЛ.М. _f1856-1937 _gЛеонид Михайлович |
|
| 801 | 0 |
_aRU _bNLR _gpsbo |
|
| 801 | 0 |
_aRU _bRuMoRGB _2psbo |
|
| 801 | 1 |
_aRU _bProSoft-M _2rusmarc |
|
| 852 |
_aNLR _j37.31.5.52 |
||
| 899 |
_aRuMoRGB _jE 77/13 |
||
| 899 | _aБАН | ||
| 942 | _cBOOK | ||
| 980 | _aNB | ||